000 00481cam a22001097a 4500
008 180718b1982 xxu||||| |||| 00| 0 eng d
082 _aK5055x54 In2co
245 _aCooperation in administrative training among developing countires what India can offer
_cby Department of Personnel and Administrative Reforms, India
260 _aDelhi
_bDepartment of Personnel and Administrative Reforms
_c1982
300 _a97+p.
700 _aIndia. Department of Personnel and Administrative Reforms
999 _c500033
_d500033